000 00375 a2200169 4500
001 172049
020 _a85-322-0778-2
040 _cMagnum
100 _aIacocca, Liliana
240 1 0 _aO diário da misteriosa menina
_lpor
245 1 0 _aO diário da misteriosa menina
300 _a60
362 0 _a1994
440 1 _aFTD
697 _aLITERATURA JUVENIL
942 _cBK
999 _c172049
_d172049